00391 2200157 4500001002100000005001500021035002000036245004200056100002500098300002600123260002800149082000800177084001400185020002200199990001200221INLIS00000000000313720251022020224 a0010-10250000411 aYang Tercinta /cNyi Penengah Dewanti0 aNyi Penengah Dewanti a232 hlm ;c13 x 19 cm aJakarta :bZettu,c2014 a813 a813 NYI y a978-602-7999-99-2 a0755925